| 000 | 00567nam a22001937a 4500 | ||
|---|---|---|---|
| 999 |
_c12837 _d12837 |
||
| 008 | 250922b 2025 ||||| |||| 00| 0 eng d | ||
| 020 | _a9789391247355 | ||
| 082 |
_a541 _bPUR |
||
| 100 | _aPuri, B. R. | ||
| 245 | _aPrinciples of physical chemistry | ||
| 260 |
_aPunjab _bVishal Publishing _c2025 |
||
| 300 | _axii, 1393 pgs. | ||
| 650 | _aMolecular spectroscopy - I | ||
| 650 | _aElectric and Magnetic Propertied of Molecules | ||
| 650 | _aThermochemistry | ||
| 700 |
_aSharma, L. R. _eCo-author |
||
| 700 |
_aPathania, Madan S. _eCo-author |
||
| 942 | _cBK | ||